Загрузка...

Global Source book on Information Technology Vol.2

Библиографические подробности
Главный автор: Borbinha J
Формат: Printed Book
Опубликовано: New Delhi Kaniska Publication 2002
LEADER 00495nam a2200157 4500
020 |a 8173914958  |c Rs 
082 |a 004 VED/GLO.2 
100 |a Borbinha J  
245 |a Global Source book on Information Technology Vol.2  |c Borbinha J  
250
260 |a New Delhi  |b Kaniska Publication  |c 2002 
500
700
942 |c REF 
999 |c 209199  |d 209199 
952 |0 0  |1 0  |4 0  |6 004_000000000000000_VED_GLO_2  |7 0  |9 222547  |a DLS  |b DLS  |d 2019-11-05  |g 0.00  |l 0  |o 004 VED/GLO.2  |p DLS3287  |r 2019-11-05  |w 2019-11-05  |y REF